000 00623nab a2200181 4500
001 244442
003 OSt
005 20240117124453.0
007 tu
008 200917s2020|||||||
040 _aDE-2950
_cDE-2950
245 0 0 _aWinterdienst erneut gefordert
_bWetter. Straßen und Wege in der Stadt waren am Dienstagmorgen mit Schnee bedeckt - und die ersten Räumfahrzeuge seit 3.30 Uhr auf den Straßen unterwegs/
_cThomas Gutkle
264 _c2024
653 _aFrankfurt (Oder)
653 _aWinterdienst
773 0 _g35. Jahrgang (2024) Nr. 14 vom 17.01.2024, S. 13, mit Foto
_tMärkische Oderzeitung
942 _2z
_cA
999 _c372938
_d372938